Es-tu stupide ? - Statistiques

Statistiques générales
  • Ce quiz a été pris 1 032 fois
    1 026 depuis la dernière actualisation
  • Le résultat moyen est 6 sur 15
Statistiques - réponses
Question Réponse % Correct
Combien y a-t-il de fois la lettre "p" dans le mot "patate" Une fois !
78%
Est-ce que ton nom est Stanislas Mabin ? Non
75%
On se trouve dans quel régime ? Démocratique
59%
Les céréales, avant ou après le lait ? Avant, car je suis quelqu'un de bien
54%
Quel pays a le PIB le plus élevé France de 2022
49%
Vous êtes fatigué ? On n'est pas fatigués
37%
Combien est-ce qu'il y a de moutons en France ? Beaucoup. Au moins 6000.
33%
Combien y a-t-il de tours jumelles ? 0
31%
Si tout les français sautaient exactement au même moment, qu'arrivera-t-il ? Un truc pas bien j'imagine
31%
Pensez-vous être stupide ? Oui, très
24%
Sachant que Dominique a 13 stylos et que Patrice en a 4, déterminez si ma femme va revenir avec les enfants ou non. Elle reviendra c'est sûr
23%
Tom est assis à côté de toi ? Possible
19%
Quelle ville est la plus grande ? Globulon 4 sur la planète Zorblug
18%
Est-ce que le quizz est bientôt fini ? Oui (déso)
13%
Combien faut-il de moutons pour battre the Rock ? 100
9%
Aucun quiz correspondant
Distribution des résultats
% des personnes avec chaque résultat
Percentile par nombre de réponses
Votre historique - résultats
Vous n’avez pas pris ce quiz depuis la dernière actualisation